000 00476nam a2200181Ia 4500
001 21027
005 20260306172849.0
008 260306t2017||||xx |||||||||||||| ||spa||
041 _aESP
082 _a344
_bC81
100 _aInstituto Pacífico
_eAUT
245 0 _aComentarios de los acuerdos plenarios I:
_bDerecho penal. Parte general y especial
260 _c2017
300 _a717 páginas :
_c25 cm.
650 _aGEN
654 _aCDE
942 _cLIB
_dJUS
_fJUS
_2ddc
_n
999 _c21027
_d21027